| 000 | 01310nam a2200361Ia 4500 | ||
|---|---|---|---|
| 001 | ebr10276597 | ||
| 003 | CaPaEBR | ||
| 006 | m u | ||
| 007 | cr cn||||||||| | ||
| 008 | 080917s2009 enka sb 001 0 eng d | ||
| 010 | _z 2008040008 | ||
| 020 | _z9780754672463 | ||
| 020 | _z0754672468 | ||
| 020 | _z9780754689218 | ||
| 020 | _z0754689212 | ||
| 040 |
_aCaPaEBR _cCaPaEBR |
||
| 035 | _a(OCoLC)646797946 | ||
| 050 | 1 | 4 |
_aBF353 _b.E42 2009eb |
| 245 | 0 | 0 |
_aEmotion, place and culture _h[electronic resource] / _cedited by Mick Smith ... [et al.]. |
| 260 |
_aFarnham, England ; _aBurlington, VT : _bAshgate, _cc2009. |
||
| 300 |
_axiii, 318 p. : _bill. |
||
| 504 | _aIncludes bibliographical references and index. | ||
| 533 |
_aElectronic reproduction. _bPalo Alto, Calif. : _cebrary, _d2009. _nAvailable via World Wide Web. _nAccess may be limited to ebrary affiliated libraries. |
||
| 650 | 0 | _aEnvironmental psychology. | |
| 650 | 0 | _aSpatial behavior. | |
| 650 | 0 | _aEmotional conditioning. | |
| 650 | 0 | _aEmotions. | |
| 650 | 0 | _aHuman geography. | |
| 655 | 7 |
_aElectronic books. _2local |
|
| 700 | 1 |
_aSmith, Mick, _d1961- |
|
| 710 | 2 | _aebrary, Inc. | |
| 856 | 4 | 0 |
_uhttp://site.ebrary.com/lib/rucke/Doc?id=10276597 _zAn electronic book accessible through the World Wide Web; click to view |
| 999 |
_c5495 _d5495 |
||